NCAA College Teams by State: Ohio - Statistics

General Stats
  • This quiz has been taken 198 times
  • The average score is 16 of 45
Answer Stats
% Correct
Division I-A Ohio Bobcats
98%
Division I-A Ohio State Buckeyes
98%
Division I-A Akron Zips
96%
Division I-A Cincinnati Bearcats
93%
Division I-A Toledo Rockets
92%
Division I-A Miami (OH) RedHawks
88%
Division I-A Kent State Golden Flashes
86%
Division I-A Bowling Green Falcons
84%
Division I-AA Dayton Flyers
73%
Division I-AA Youngstown State Penguins
73%
Division I-AA Cleveland State Vikings
63%
Division I-AA Xavier Musketeers
59%
Division I-AA Wright State Raiders
40%
Division II Findlay Oilers
31%
Division III Mount Union Purple Raiders
29%
Division III Oberlin Yeomen
28%
Division II Ashland Eagles
27%
Division III Ohio Northern Polar Bears
27%
Division III Baldwin Wallace Yellow Jackets
24%
Division III Muskingum Fighting Muskies
24%
Division III Otterbein Cardinals
24%
Division II Tiffin Dragons
23%
Division III Capital Comets
22%
Division III Ohio Wesleyan Battling Bishops
22%
Division II Lake Erie Storm
20%
Division III Denison Big Red
19%
Division III Marietta Pioneers
19%
Division II Ohio Dominican Panthers
19%
Division II Walsh Cavaliers
19%
Division III Heidelberg Student Princes
18%
Division III John Carroll Blue Streaks
18%
Division III Wooster Fighting Scots
18%
Division III Case Western Reserve Spartans
15%
Division II Cedarville Yellow Jackets
15%
Division II Malone Pioneers
15%
Division III Kenyon Owls
14%
Division III Wilmington College Quakers
14%
Division III Wittenberg Tigers
14%
Division II Notre Dame College Falcons
13%
Division III Bluffton Beavers
12%
Division II Central State Marauders
12%
Division III Hiram Terriers
11%
Division II Ursuline Arrows
11%
Division III Franciscan Barons
9%
Division III Mount Saint Joseph Lions
7%
No matching quizzes found
Score Distribution
Percent of People with Each Score
Percentile by Number Answered
Your Score History
You have not taken this quiz